| 000 | 01150nam a22002537a 4500 | ||
|---|---|---|---|
| 999 |
_c63869 _d63869 |
||
| 005 | 20240530110703.0 | ||
| 008 | 171225s2014 ua a f b 000 0dara d | ||
| 017 |
_a2014/11888 _bمصر. دار الكتب |
||
| 020 | _a9789774489044 | ||
| 040 |
_aEG-CaGPL _cEG-CaGPL |
||
| 082 | 0 | 4 |
_221 _a364.1 _bق/أ ج |
| 100 | 0 | _aاحمد خفاجة رحيم | |
| 245 | 1 | 2 |
_aالجريمة والقانون فى مصر فى عصرى البطالمة والرومان : _bاشقياء ومظاليم / _cتأليف احمد خفاجة رحيم . |
| 250 | _aط.1 | ||
| 260 |
_aالقاهرة : _bالهيئة المصرية العامة للكتاب ، _c2014 . |
||
| 300 |
_a355 ص. ؛ _c24 سم. |
||
| 490 | 0 |
_aتاريخ المصريين ؛ _v297 |
|
| 504 | _aببليوجرافية : ص 347 - 355 | ||
| 650 | 0 | 7 |
_2qrmak _aالجريمة والمجرمون _yالعصر الرومانى _zمصر القديمة |
| 651 | 0 | 7 |
_2qrmak _aمصر القديمة _xتاريخ _yالعصر الرومانى |
| 651 | 0 | 7 |
_2qrmak _aمصر القديمة _xتاريخ _yالعصر اليونانى |
| 942 |
_2ddc _cBK |
||